| 000 | 02000nam a22003854a 4500 | ||
|---|---|---|---|
| 001 | ebr10308365 | ||
| 003 | CaPaEBR | ||
| 006 | m u | ||
| 007 | cr cn||||||||| | ||
| 008 | 080115s2009 enka sb 001 0 eng | ||
| 010 | _z 2008001983 | ||
| 015 |
_aGBA899157 _2bnb |
||
| 016 | 7 |
_z101463717 _2DNLM |
|
| 016 | 7 |
_z014692100 _2Uk |
|
| 020 | _z9781405170666 (pbk. : alk. paper) | ||
| 020 | _z1405170662 (pbk. : alk. paper) | ||
| 040 |
_aCaPaEBR _cCaPaEBR |
||
| 035 | _a(OCoLC)434413799 | ||
| 050 | 1 | 4 |
_aRC392 _b.A27 2009eb |
| 082 | 0 | 4 |
_a616.8/491 _222 |
| 245 | 0 | 0 |
_aABC of headache _h[electronic resource] / _c[edited by] Anne MacGregor, Alison Frith. |
| 260 |
_aOxford ; _aHoboken, NJ : _bWiley-Blackwell Pub., _c2009. |
||
| 300 |
_avi, 81 p. : _bcol. ill. |
||
| 490 | 1 | _aABC series | |
| 504 | _aIncludes bibliographical references and index. | ||
| 505 | 0 | _aApproach to headaches / Anne MacGregor -- Migraine / Anne MacGregor -- Tension-type headache / Anne MacGregor -- Cluster headache / David W. Dodick -- Medication overuse headache / David W. Dodick -- Menstrual headaches / Alison Frith -- Childhood periodic syndromes / Ishaq Abu-Arafeh -- Teenage headache / Ishaq Abu-Arafeh -- Exertional headache / R. Allan Purdy -- Thunderclap headache / David W. Dodick -- Headache and brain tumour / R. Allan Purdy -- Headache and neck pain / Anne MacGregor -- Headache and depression / Anne MacGregor -- Pain in the temple / R. Allan Purdy -- Facial pain / David W. Dodick. | |
| 533 |
_aElectronic reproduction. _bPalo Alto, Calif. : _cebrary, _d2013. _nAvailable via World Wide Web. _nAccess may be limited to ebrary affiliated libraries. |
||
| 650 | 0 | _aHeadache. | |
| 655 | 7 |
_aElectronic books. _2local |
|
| 700 | 1 |
_aMacGregor, Anne, _d1960- |
|
| 700 | 1 | _aFrith, Alison. | |
| 710 | 2 | _aebrary, Inc. | |
| 830 | 0 | _aABC series (Malden, Mass.) | |
| 856 | 4 | 0 |
_uhttp://site.ebrary.com/lib/rucke/Doc?id=10308365 _zAn electronic book accessible through the World Wide Web; click to view |
| 999 |
_c61524 _d61524 |
||